El desempleo juvenil en España (Registro nro. 49861)
[ vista simple ]
| 000 -CABECERA | |
|---|---|
| Longitud fija campo de control | 00966naa a2200265 c 4500 |
| 001 - NÚMERO DE CONTROL | |
| Número de control | 49861 |
| 003 - IDENTIFICADOR DE NÚMERO DE CONTROL | |
| Identificador del número de control | ES-MaCES |
| 005 - FECHA Y HORA DE LA ÚLTIMA TRANSACCIÓN | |
| Fecha y hora de la última transacción | 20250203133724.0 |
| 008 - CAMPO FIJO DE DESCRIPCIÓN FIJA--INFORMACIÓN GENERAL | |
| Códigos de información de longitud fija | 170825s2017 sp ||||| t||||||| ||spa d |
| 040 ## - FUENTE DE CATALOGACIÓN | |
| Centro catalogador de origen | ES-MaCES |
| Lengua de catalogación | spa |
| Centro transcriptor | ES-MaCES |
| Centro modificado | ES-MaCES |
| 100 1# - ENCABEZAMIENTO PRINCIPAL--NOMBRE PERSONAL | |
| 9 (RLIN) | 38474 |
| Nombre de persona | Jiménez Vargas, Pedro Jesús |
| 245 13 - MENCIÓN DE TÍTULO | |
| Título | El desempleo juvenil en España |
| Mención de responsabilidad, etc. | Pedro Jesús Jiménez Vargas |
| 500 ## - NOTA GENERAL | |
| Nota general | Resumen |
| 650 #4 - ASIENTO SECUNDARIO DE MATERIA--TÉRMINO DE MATERIA | |
| 9 (RLIN) | 29983 |
| Término de materia o nombre geográfico como elemento inicial | desempleo de jóvenes |
| 650 #4 - ASIENTO SECUNDARIO DE MATERIA--TÉRMINO DE MATERIA | |
| 9 (RLIN) | 28415 |
| Término de materia o nombre geográfico como elemento inicial | joven trabajador |
| 650 #4 - ASIENTO SECUNDARIO DE MATERIA--TÉRMINO DE MATERIA | |
| 9 (RLIN) | 28292 |
| Término de materia o nombre geográfico como elemento inicial | mercado de trabajo |
| 650 #4 - ASIENTO SECUNDARIO DE MATERIA--TÉRMINO DE MATERIA | |
| 9 (RLIN) | 29792 |
| Término de materia o nombre geográfico como elemento inicial | situación ocupacional |
| 650 #4 - ASIENTO SECUNDARIO DE MATERIA--TÉRMINO DE MATERIA | |
| 9 (RLIN) | 27044 |
| Término de materia o nombre geográfico como elemento inicial | problema social |
| 650 #4 - ASIENTO SECUNDARIO DE MATERIA--TÉRMINO DE MATERIA | |
| 9 (RLIN) | 29976 |
| Término de materia o nombre geográfico como elemento inicial | relación formación empleo |
| 650 #4 - ASIENTO SECUNDARIO DE MATERIA--TÉRMINO DE MATERIA | |
| 9 (RLIN) | 30270 |
| Término de materia o nombre geográfico como elemento inicial | fomento del empleo |
| 653 10 - TÉRMINO DE INDEXACIÓN--NO CONTROLADO | |
| Término no controlado | Empleo |
| 773 0# - ENTRADA DE DOCUMENTO FUENTE | |
| Itemnumber del ítem fuente | 86114 |
| Lugar, editor y fecha de publicación | Valladolid (Avda. Reyes Católicos, 11, 47008) Lex nova |
| Otro identificador del documento | 089012 |
| Título | Información laboral |
| Número de control del registro relacionado | (ES-MaCES)25782 |
| Parte(s) relacionada(s) | n. 3 (2017) {55/796 R. 089012} ;p. 35-49 |
| 902 ## - CES. TIPO DE DOCUMENTO | |
| Tipodoc (006$c Sirtex) | ART Artículo de revista |
| 942 ## - ELEMENTOS KOHA | |
| Fuente de clasificaión o esquema | Clasificación propia del CES |
| Koha [por defecto] tipo de item | Artículos (1982-2017) |
| Parte de clasificación | Relaciones Laborales y Rel. Lab.- Empleo |
No hay ítems disponibles.
